21世紀に名称が失われた自治体人口ランキング - Statistics

General Stats
  • This quiz has been taken 57 times
  • The average score is 55 of 210
Answer Stats
順位 都道府県 Answer 人口(2000年) 現在の自治体名 % Correct
1 埼玉県 浦和市 484845 さいたま市
96%
2 埼玉県 大宮市 456271 さいたま市
94%
3 静岡県 清水市 236818 静岡市
92%
5 山口県 徳山市 104672 周南市
84%
4 埼玉県 岩槻市 109247 さいたま市
82%
8 埼玉県 与野市 82937 さいたま市
82%
9 東京都 田無市 78165 西東京市
80%
6 東京都 保谷市 102720 西東京市
78%
11 鹿児島県 川内市 73236 薩摩川内市
78%
10 福井県 武生市 73792 越前市
76%
12 宮城県 古川市 72897 大崎市
74%
20 岩手県 水沢市 60990 奥州市
72%
13 新潟県 新津市 65860 新潟市
70%
17 栃木県 今市市 62476 日光市
68%
18 三重県 上野市 61493 伊賀市
66%
7 静岡県 浜北市 84905 浜松市
64%
35 山口県 小野田市 45085 山陽小野田市
64%
14 石川県 松任市 65370 白山市
62%
15 茨城県 下館市 65034 筑西市
62%
33 秋田県 本荘市 45724 由利本荘市
62%
21 栃木県 黒磯市 58783 那須塩原市
60%
27 福島県 原町市 48750 南相馬市
60%
31 兵庫県 篠山市 46325 丹波篠山市
58%
25 鹿児島県 国分市 53966 霧島市
56%
24 埼玉県 鳩ヶ谷市 54518 川口市
54%
23 埼玉県 上福岡市 54630 ふじみ野市
52%
28 千葉県 佐原市 48328 香取市
52%
30 愛知県 三好町 47684 みよし市
52%
39 鹿児島県 名瀬市 43015 奄美市
52%
16 福岡県 前原市 63883 糸島市
50%
48 兵庫県 龍野市 40550 たつの市
50%
52 秋田県 大曲市 39615 大仙市
50%
55 愛媛県 川之江市 38126 四国中央市
50%
26 新潟県 豊栄市 48997 新潟市
48%
22 愛知県 尾西市 57956 一宮市
46%
42 茨城県 水海道市 42015 常総市
44%
67 高知県 中村市 34968 四万十市
44%
19 沖縄県 具志川市 61061 うるま市
42%
40 福岡県 甘木市 42643 朝倉市
42%
45 熊本県 本渡市 41090 天草市
42%
72 岩手県 江刺市 33687 奥州市
42%
36 滋賀県 八日市市 44351 東近江市
40%
46 三重県 久居市 41063 津市
40%
61 愛媛県 伊予三島市 36832 四国中央市
40%
106 長崎県 福江市 27662 五島市
40%
111 鹿児島県 串木野市 27047 いちき串木野市
40%
37 茨城県 岩井市 43421 坂東市
38%
71 沖縄県 平良市 33701 宮古島市
38%
50 新潟県 白根市 40012 新潟市
36%
58 富山県 新湊市 37287 射水市
36%
173 山口県 山陽町 22344 山陽小野田市
36%
43 福岡県 福間町 41480 福津市
34%
56 大阪府 美原町 37618 堺市
34%
60 鹿児島県 隼人町 36846 霧島市
34%
80 山口県 新南陽市 32153 周南市
34%
95 新潟県 六日町 29295 南魚沼市
34%
53 長野県 更埴市 39402 千曲市
32%
77 千葉県 八日市場市 32807 匝瑳市
32%
102 広島県 因島市 28187 尾道市
32%
105 新潟県 新井市 27882 妙高市
32%
149 静岡県 天竜市 23747 浜松市
32%
64 茨城県 友部町 35557 笠間市
30%
66 岐阜県 穂積町 35076 瑞穂市
30%
73 京都府 木津町 33683 木津川市
30%
82 福井県 丸岡町 31731 坂井市
30%
100 愛媛県 北条市 28547 松山市
30%
117 山梨県 塩山市 26126 甲州市
30%
29 茨城県 総和町 48007 古河市
28%
34 埼玉県 大井町 45488 ふじみ野市
28%
38 栃木県 西那須野町 43186 那須塩原市
28%
41 愛知県 師勝町 42337 北名古屋市
28%
47 山梨県 竜王町 40559 甲斐市
28%
75 愛知県 西春町 33391 北名古屋市
28%
96 島根県 平田市 29006 出雲市
28%
109 茨城県 大宮町 27126 常陸大宮市
28%
158 山口県 小郡町 23107 山口市
28%
59 滋賀県 水口町 37044 甲賀市
26%
86 愛知県 木曽川町 31059 一宮市
26%
99 栃木県 氏家町 28720 さくら市
26%
144 鹿児島県 加世田市 24187 南さつま市
26%
180 秋田県 鷹巣町 21818 北秋田市
26%
32 千葉県 沼南町 45927 柏市
24%
62 愛知県 甚目寺町 35916 あま市
24%
63 北海道 上磯町 35777 北斗市
24%
79 富山県 小杉町 32356 射水市
24%
83 宮城県 矢本町 31488 東松島市
24%
84 千葉県 関宿町 31275 野田市
24%
112 山梨県 石和町 26989 笛吹市
24%
137 新潟県 栃尾市 24704 長岡市
24%
163 香川県 志度町 22939 さぬき市
24%
51 茨城県 三和町 39718 古河市
22%
70 埼玉県 鷲宮町 34049 久喜市
22%
76 愛媛県 東予市 32993 西条市
22%
108 熊本県 西合志町 27461 合志市
22%
157 北海道 静内町 23125 新ひだか町
22%
177 沖縄県 石川市 21992 うるま市
22%
197 青森県 浪岡町 20873 青森市
22%
88 長野県 穂高町 30966 安曇野市
20%
107 新潟県 中条町 27528 胎内市
20%
131 新潟県 吉田町 25136 燕市
20%
138 高知県 伊野町 24612 いの町
20%
44 滋賀県 甲西町 41362 湖南市
18%
49 広島県 神辺町 40361 福山市
18%
54 茨城県 波崎町 39051 神栖市
18%
57 埼玉県 庄和町 37549 春日部市
18%
68 富山県 婦中町 34528 富山市
18%
78 宮崎県 佐土原町 32499 宮崎市
18%
81 新潟県 亀田町 32061 新潟市
18%
90 神奈川県 津久井町 30345 相模原市
18%
104 埼玉県 吹上町 28169 鴻巣市
18%
110 長野県 豊科町 27079 安曇野市
18%
142 愛知県 一色町 24340 西尾市
18%
147 鹿児島県 伊集院町 23961 日置市
18%
152 鹿児島県 大口市 23594 伊佐市
18%
153 鹿児島県 加治木町 23332 姶良市
18%
195 福岡県 宮田町 21150 宮若市
18%
201 千葉県 大原町 20531 いすみ市
18%
74 茨城県 藤代町 33466 取手市
16%
91 愛知県 佐屋町 29802 愛西市
16%
130 埼玉県 栗橋町 25179 久喜市
16%
135 福島県 保原町 24891 伊達市
16%
140 千葉県 成東町 24494 山武市
16%
148 福島県 船引町 23920 田村市
16%
160 宮城県 迫町 23040 登米市
16%
165 青森県 平賀町 22861 平川市
16%
170 高知県 土佐山田町 22427 香美市
16%
172 愛知県 渥美町 22402 田原市
16%
174 富山県 八尾町 22322 富山市
16%
198 静岡県 金谷町 20836 島田市
16%
209 宮城県 小牛田町 20245 美里町
16%
65 群馬県 群馬町 35293 高崎市
14%
93 栃木県 田沼町 29582 佐野市
14%
97 静岡県 豊田町 28829 磐田市
14%
103 埼玉県 妻沼町 28182 熊谷市
14%
119 兵庫県 山崎町 25971 宍粟市
14%
123 広島県 大野町 25727 廿日市市
14%
132 茨城県 美野里町 25040 小美玉市
14%
133 熊本県 松橋町 25010 宇城市
14%
141 静岡県 浜岡町 24490 御前崎市
14%
151 福井県 三国町 23618 坂井市
14%
175 群馬県 大間々町 22192 みどり市
14%
183 秋田県 天王町 21687 潟上市
14%
185 愛知県 吉良町 21656 西尾市
14%
187 兵庫県 社町 21545 加東市
14%
69 栃木県 河内町 34310 宇都宮市
12%
125 長野県 丸子町 25553 上田市
12%
126 長野県 東部町 25437 東御市
12%
128 広島県 黒瀬町 25351 東広島市
12%
134 福岡県 瀬高町 24916 みやま市
12%
159 福井県 春江町 23052 坂井市
12%
164 岡山県 真備町 22915 倉敷市
12%
166 滋賀県 能登川町 22705 東近江市
12%
169 愛知県 七宝町 22436 あま市
12%
171 埼玉県 菖蒲町 22410 久喜市
12%
179 兵庫県 夢前町 21952 姫路市
12%
186 滋賀県 志賀町 21553 大津市
12%
203 山口県 豊浦町 20499 下関市
12%
204 新潟県 水原町 20457 阿賀野市
12%
85 熊本県 植木町 31235 熊本市
10%
94 新潟県 巻町 29486 新潟市
10%
101 栃木県 大平町 28490 栃木市
10%
116 静岡県 相良町 26290 牧之原市
10%
121 茨城県 茎崎町 25836 つくば市
10%
124 茨城県 伊奈町 25569 つくばみらい市
10%
139 岡山県 山陽町 24604 赤磐市
10%
145 香川県 香川町 24136 高松市
10%
154 静岡県 大井川町 23204 焼津市
10%
155 愛知県 祖父江町 23163 稲沢市
10%
161 神奈川県 城山町 23036 相模原市
10%
167 富山県 大沢野町 22642 富山市
10%
184 愛知県 小坂井町 21664 豊川市
10%
188 福岡県 田主丸町 21532 久留米市
10%
189 石川県 鶴来町 21477 白山市
10%
190 福島県 梁川町 21385 伊達市
10%
194 埼玉県 児玉町 21209 本庄市
10%
87 群馬県 境町 31025 伊勢崎市
8%
115 福岡県 穂波町 26528 飯塚市
8%
127 静岡県 榛原町 25382 牧之原市
8%
129 徳島県 鴨島町 25288 吉野川市
8%
143 茨城県 石下町 24230 常総市
8%
168 愛知県 佐織町 22457 愛西市
8%
178 佐賀県 大和町 21956 佐賀市
8%
200 新潟県 塩沢町 20561 南魚沼市
8%
202 新潟県 村松町 20514 五泉市
8%
205 茨城県 江戸崎町 20456 稲敷市
8%
98 宮崎県 清武町 28755 宮崎市
6%
113 島根県 斐川町 26816 出雲市
6%
114 茨城県 千代田町 26660 かすみがうら市
6%
118 千葉県 小見川町 26047 香取市
6%
120 新潟県 黒埼町 25893 新潟市
6%
122 群馬県 笠懸町 25799 みどり市
6%
136 群馬県 吉井町 24845 高崎市
6%
150 愛媛県 重信町 23658 東温市
6%
156 香川県 国分寺町 23158 高松市
6%
176 群馬県 榛名町 22188 高崎市
6%
181 静岡県 大東町 21791 掛川市
6%
182 広島県 新市町 21695 福山市
6%
193 栃木県 南河内町 21235 下野市
6%
196 和歌山県 貴志川町 21079 紀の川市
6%
207 富山県 福光町 20387 南砺市
6%
208 埼玉県 騎西町 20382 加須市
6%
210 茨城県 真壁町 20039 桜川市
6%
89 茨城県 八郷町 30551 石岡市
4%
92 群馬県 新田町 29606 太田市
4%
146 愛知県 美和町 23969 あま市
4%
162 三重県 阿児町 22995 志摩市
4%
192 群馬県 富士見村 21273 前橋市
4%
199 群馬県 東村 20656 伊勢崎市
2%
206 鹿児島県 末吉町 20405 曽於市
2%
191 静岡県 細江町 21281 浜松市
0%
No matching quizzes found
Score Distribution
Percent of People with Each Score
Percentile by Number Answered
Your Score History
You have not taken this quiz